Isolation and characterization of Denn : a novel human gene differentially expressed in normal and neoplastic cells /
محفوظ في:
| المؤلف الرئيسي: | |
|---|---|
| التنسيق: | أطروحة كتاب |
| اللغة: | English |
| منشور في: |
1996.
|
| الموضوعات: | |
| الوسوم: |
إضافة وسم
لا توجد وسوم, كن أول من يضع وسما على هذه التسجيلة!
|
| LEADER | 00871cam a2200253 a 4500 | ||
|---|---|---|---|
| 001 | u405986 | ||
| 003 | SIRSI | ||
| 008 | 961231s1996 si v 00 1 eng m | ||
| 035 | |a ACB-9515 | ||
| 040 | |a UMM | ||
| 090 | |a QH447 |b Lee | ||
| 100 | 1 | 0 | |a Lee, Soo Sim. |
| 245 | 1 | 0 | |a Isolation and characterization of Denn : |b a novel human gene differentially expressed in normal and neoplastic cells / |c by Lee Soo Sim. |
| 260 | |c 1996. | ||
| 300 | |a xii, 121 leaves : |b ill. ; |c 30 cm. | ||
| 502 | |a Dissertation (M.Sc.) -- National University of Singapore, 1996. | ||
| 504 | |a Bibliography: leaves 100-115. | ||
| 610 | 2 | 0 | |a Human Genome Project. |
| 650 | 0 | |a Genetic transcription. | |
| 650 | 0 | |a Human genome. | |
| 650 | 0 | |a Human gene mapping. | |
| 948 | |a 31/12/1996 |b 25/11/2000 | ||
| 596 | |a 1 | ||
| 999 | |a QH447 LEE |w LC |c 1 |i A506477610 |d 20/11/1997 |l STACKS |m P01UTAMA |n 1 |r Y |s Y |t TESIS |u 18/3/1997 | ||
